000
00313cam a2200145 4500
082
0
0
_a
551 NAM
100
1
_a
Namowitz, Samuel N.,
245
1
0
_a
Earth science;
250
_a
.
260
_a
Lexington
_b
d.c heath
_c
[1981
300
_a
176 p.
650
0
_a
Earth sciences.
650
1
_a
Earth sciences.
942
_c
BK
999
_c
2434
_d
2434